Governing the Party : How the CPC Works (Record no. 586545)
[ view plain ]
| 000 -LEADER | |
|---|---|
| fixed length control field | 00310nam a22001097a 4500 |
| 020 ## - INTERNATIONAL STANDARD BOOK NUMBER | |
| International Standard Book Number | 9787510463303 |
| 245 ## - TITLE STATEMENT | |
| Title | Governing the Party : How the CPC Works |
| Statement of responsibility, etc. | Xie Chuntao (editor) |
| 260 ## - PUBLICATION, DISTRIBUTION, ETC. | |
| Place of publication, distribution, etc. | Beijing |
| Name of publisher, distributor, etc. | New World Press |
| Date of publication, distribution, etc. | 2017 |
| 300 ## - PHYSICAL DESCRIPTION | |
| Extent | 256p |
| 942 ## - ADDED ENTRY ELEMENTS (KOHA) | |
| Source of classification or shelving scheme | |
| Koha item type | Book |
| Withdrawn status | Lost status | Source of classification or shelving scheme | Materials specified (bound volume or other part) | Damaged status | Not for loan | Permanent Location | Current Location | Shelving location | Date acquired | Full call number | Barcode | Date last seen | Price effective from | Koha item type |
|---|---|---|---|---|---|---|---|---|---|---|---|---|---|---|
| Donated by Chinese embassy in Pakistan | Central Library (CL) | Central Library (CL) | Chinese Studies | 10/15/2021 | 963.960951 GOV | CL-D-1368 | 04/24/2025 | 10/15/2021 | Book | |||||
| Donated by Chinese Embassy in Pakistan | Central Library (CL) | Central Library (CL) | Chinese Studies | 10/15/2021 | 963.960951 GOV | CL-D-1369 | 10/15/2021 | 10/15/2021 | Book |
